LEADER 01413nam a2200265 4500 001 000000350903 003 CaOOAMICUS 005 20220712144823.0 008 220712s1819 it a 000 u ita r 040 $aSeMil$bita 100 11$aTasso, Torquato,$d<1544-1595>.$0(OLS)http://semarc/name/1240 240 10$aGerusalemme liberata.$0(OLS)http://semarc/title/23786 245 13$aLa Gerusalemme liberata di Torquato Tasso. Tomo primo [-secondo]. 250 $aEdizione formata sopra quella di Bartoli del 1590. Si aggiugne un nuovo indice delle materie principali, composto dagli editori, e pubblicato ora per la prima volta 264 1$aVenezia :$bMolinari,$c1819. 300 $a2 v. ;$c24° 500 $aRiferimenti: La raccolta tassiana della biblioteca civica A. Mai di Bergamo, 364; CLIO 650 4$aTasso, Torquato <1544-1595> . Gerusalemme liberata - Opere anteriori al 1900.$0(OLS)http://semarc/subject/3947 700 1 $aMolinari,$c.$0(OLS)http://semarc/name/116184 752 $ait$dVenezia 774 0 $aTasso, Torquato <1544-1595>$tTomo 1.$dVenezia : Molinari, 1819.$w()350904 774 0 $aTasso, Torquato <1544-1595>$tTomo 2.$dVenezia : Molinari, 1819.$w()350905 996 $6245$aLa Gerusalemme liberata di Torquato Tasso. Tomo primo [-secondo]$9(OLS)http://semarc/title/440705 996 $6264$aVenezia :$bMolinari$9(OLS)http://semarc/publisher/60025 LEADER 01796nam a2200337 i 4500 001 000000241527 003 CaOOAMICUS 005 20230123124132.0 008 150505s1728 it u000 u ita u 013 $a220432 026 $aa.he ero- 6.r- side (7) 1628 (Q) 040 $aSeMil$bita 100 1 $aFrançois : de Sales,$c.$0(OLS)http://semarc/name/1031 245 10$aGiornale di ricordi spirituali estratti dalle opere di S. Francesco di Sales, e della ven. madre Gio: Francesca Fremiot di Chantal. 246 0 $aAforismi sacri di s. Francesco di Sales 260 $aIn Cremona :$bDalla Stamperia di Pietro Ricchini,$c1728. 300 $a114, [6] p. ;$c12º. 500 $aIniz., fin. xilogr. - Ill. xilogr. (ritr. di G. di Chantal) a c. A3v. 500 $aLegato con 3F-I-150 FA 500 $aSegn.: A-E12 600 14$aFrémiot de Chantal, Giovanna Francesca .$0(OLS)http://semarc/subject/2068 650 4$aFrancesco : di Sales - Opere.$0(OLS)http://semarc/subject/1452 700 1 $aJeanne Françoise : Frémyot de Chantal,$c.$0(OLS)http://semarc/name/4757 700 1 $aRicchini, Pietro,$c.$0(OLS)http://semarc/name/18909 850 $aSeMil 852 $aSeMil$W1$xVenegono$y1$m3F I 151 FA$j191873$B191873$CSeMilBibl$Z2$F202670 $8I 961 $aLegato con 3F-I-150 FA 996 $6246$aAforismi sacri di s. Francesco di Sales$9(OLS)http://semarc/title/70482 996 $6245$aGiornale di ricordi spirituali estratti dalle opere di S. Francesco di Sales, e della ven. madre Gio: Francesca Fremiot di Chantal$9(OLS)http://semarc/title/343271 996 $6260$aIn Cremona :$bDalla Stamperia di Pietro Ricchini$9(OLS)http://semarc/publisher/54588